Statistics for Greek mythology multiple choice #2

Click here to take the quiz!

General Stats

  • This quiz has been taken 103 times
  • The average score is 11 of 15

Answer Stats

QuestionAnswer% Correct
Who fell in love with their own reflection in a pool of water?Narcissus
97%
Who turned everything that he touched into gold?Midas
94%
What guards the gates to Hades?Cerberus
92%
Whose boat carried the dead across the river Styx to the underworld?Charon
85%
Which of the gods was crippled?Hephaestus
81%
What was the eternal punishment of Sisyphus?Forced to roll a boulder to the top of a hill, but it always rolled back down before he finished
80%
Who built the Labyrinth which housed the Minotaur?Daedalus
79%
Which of these beings existed first?Chaos
74%
Who did Orpheus attempt to bring back from the underworld?Eurydice
73%
Who came up with the idea of the Trojan Horse?Odysseus
70%
Who is the mother of Apollo and Artemis?Leto
69%
Who are Stheno and Euryale?the sisters of Medusa
69%
Which was the first of Heracles' Twelve Labors?Slay the Nemean Lion
67%
Which of these was never a student of Chiron the centaur?Orion
47%
Who was the queen of the Amazons?all of the above
40%

Score Distribution

Percentile by Number Answered

Percent of People with Each Score

Your Score History

You have not taken this quiz